书目信息 |
| 题名: |
思想道德修养
|
|
| 作者: | ;教育部社会科学研究与思想政治工作司 | |
| 分册: | ||
| 出版信息: | 北京 高等教育出版社 2003.07 |
|
| 页数: | 353页 | |
| 开本: | 20cm | |
| 丛书名: | ||
| 单 册: | ||
| 中图分类: | G641.6 | |
| 科图分类: | ||
| 主题词: | 教育--各级 | |
| 电子资源: | ||
| ISBN: | 7-04-006711-0 | |
| 000 | 00685nam0 2200193 450 | |
| 001 | 0854543829 | |
| 005 | 20081023092029.62 | |
| 010 | @a7-04-006711-0@dCNY15.80 | |
| 100 | @a20080617d2003 km y0chiy0120 ea | |
| 101 | 0 | @achi |
| 102 | @aCN@b110000 | |
| 200 | 1 | @a思想道德修养@Asi xiang dao de xiu yang@f教育部社会科学研究与思想政治工作司@Fjiao yu bu she hui ke xue yan jiu yu si xiang zheng zhi gong zuo si |
| 210 | @a北京@c高等教育出版社@d2003.07 | |
| 215 | @a353页@d20cm | |
| 606 | 0 | @a教育@x各级 |
| 690 | @aG641.6@v4 | |
| 711 | 02 | @a教育部社会科学研究与思想政治工作司@Ajiao yu bu she hui ke xue yan jiu yu si xiang zheng zhi gong zuo si |
| 801 | 0 | @aCN@c20081023 |
| 905 | @dG641.6@eJ6881 | |
| 思想道德修养/教育部社会科学研究与思想政治工作司.-北京:高等教育出版社,2003.07 |
| 353页;20cm |
| ISBN 7-04-006711-0:CNY15.80 |
| ● |
| 相关链接 |
|
|
|
正题名:思想道德修养
索取号:G641.6/J6881
 
预约/预借
| 序号 | 登录号 | 条形码 | 馆藏地/架位号 | 状态 | 备注 |
| 1 | 458546 | 204585467 | 社科二线422/422社科库 32排3列3层/ [索取号:G641.6/J6881] | 在馆 | |
| 2 | 458547 | 204585476 | 社科库409/409社科库 10排3列5层/ [索取号:G641.6/J6881] | 在馆 | |
| 3 | 458548 | 204585485 | 社科库409/409社科库 10排3列5层/ [索取号:G641.6/J6881] | 在馆 | |
| 4 | 458549 | 204585494 | 社科库409/409社科库 10排3列5层/ [索取号:G641.6/J6881] | 在馆 | |
| 5 | 458550 | 204585500 | 社科库409/409社科库 10排3列5层/ [索取号:G641.6/J6881] | 在馆 | |
| 6 | 458551 | 204585519 | 社科库409/409社科库 10排3列5层/ [索取号:G641.6/J6881] | 在馆 | |
| 7 | 458552 | 204585528 | 社科库409/409社科库 10排3列5层/ [索取号:G641.6/J6881] | 在馆 | |
| 8 | 458553 | 204585537 | 社科库409/409社科库 10排3列5层/ [索取号:G641.6/J6881] | 在馆 | |
| 9 | 458554 | 204585546 | 社科库409/409社科库 10排3列5层/ [索取号:G641.6/J6881] | 在馆 | |
| 10 | 458555 | 204585555 | 社科二线422/422社科库 32排3列3层/ [索取号:G641.6/J6881] | 在馆 | |
| 11 | 458556 | 204585564 | 社科二线422/422社科库 32排3列3层/ [索取号:G641.6/J6881] | 在馆 | |
| 12 | 458557 | 204585573 | 社科二线422/422社科库 32排3列3层/ [索取号:G641.6/J6881] | 在馆 | |
| 13 | 458558 | 204585582 | 社科二线422/422社科库 32排3列3层/ [索取号:G641.6/J6881] | 在馆 | |
| 14 | 458559 | 204585591 | 社科库409/409社科库 10排3列5层/ [索取号:G641.6/J6881] | 在馆 | |
| 15 | 458560 | 204585608 | 社科库409/409社科库 10排3列5层/ [索取号:G641.6/J6881] | 在馆 | |
| 16 | 458561 | 204585617 | 社科库409/409社科库 10排3列5层/ [索取号:G641.6/J6881] | 在馆 |